[Event "III Memorial Aldo Perini A"]
[Site "Senigallia ITA"]
[Date "2009.08.09"]
[Round "9"]
[White "Bonazzi, Edoardo"]
[Black "Danese, Aldo"]
[Result "1-0"]
[WhiteElo "2183"]
[BlackElo "1956"]
[PlyCount "73"]
[EventDate "2009.08.01"]

1. Nf3 c6 2. c4 d6 3. g3 g6 4. Bg2 Bg7 5. O-O e5 6. Nc3 f5 7. d3 Nf6 8. Rb1 O-O
9. b4 Qe7 10. Nd2 Be6 11. b5 Rd8 12. bxc6 Nxc6 13. Ba3 Bf8 14. Qa4 Qd7 15. Rxb7
Qxb7 16. Bxc6 Qb6 17. c5 dxc5 18. Nc4 Qc7 19. Bxa8 Rxa8 20. Rb1 Bd7 21. Qa5
Qxa5 22. Nxa5 e4 23. Rb7 exd3 24. exd3 Be6 25. Nc4 Nd5 26. Na4 Nb6 27. Nab2 Bd5
28. Rc7 Nxc4 29. dxc4 Bf3 30. Bxc5 Rb8 31. Bd4 Rd8 32. Bc3 Ba3 33. Rg7+ Kf8 34.
Rxh7 Rd6 35. Rxa7 Bc5 36. Ra5 Bd4 37. Bb4 1-0

[Event "III Memorial Aldo Perini A"]
[Site "Senigallia ITA"]
[Date "2009.08.09"]
[Round "9"]
[White "Bozzali, Ermanno"]
[Black "Magini, Fabio"]
[Result "1-0"]
[WhiteElo "2080"]
[BlackElo "2005"]
[PlyCount "41"]
[EventDate "2009.08.01"]

1. e4 Nf6 2. e5 Nd5 3. d4 d6 4. Nf3 Bg4 5. Be2 e6 6. O-O Be7 7. c4 Nb6 8. Nc3
O-O 9. Be3 Nc6 10. exd6 cxd6 11. d5 exd5 12. Nxd5 Nxd5 13. Qxd5 Qa5 14. Rfd1
Qxd5 15. Rxd5 Be6 16. Rd2 Rfd8 17. Rad1 f6 18. Nd4 Nxd4 19. Rxd4 Rac8 20. b3 g5
21. Re4 1-0

[Event "III Memorial Aldo Perini A"]
[Site "Senigallia ITA"]
[Date "2009.08.09"]
[Round "9"]
[White "Briffault, Philippe"]
[Black "Miandro, Steven"]
[Result "0-1"]
[WhiteElo "1954"]
[BlackElo "1878"]
[PlyCount "114"]
[EventDate "2009.08.01"]

1. d4 Nf6 2. Nf3 g6 3. c4 Bg7 4. Nc3 O-O 5. g3 d6 6. Bg2 Nbd7 7. O-O e5 8. e4
c6 9. h3 Re8 10. Be3 exd4 11. Nxd4 Nc5 12. Qc2 Qe7 13. Rfe1 Ne6 14. Nde2 Bd7
15. a4 a5 16. Rad1 Nc5 17. f3 Rad8 18. Nd4 Be6 19. b3 Nfd7 20. Bf2 Nf8 21. f4
Bc8 22. e5 dxe5 23. fxe5 Nfe6 24. Nf3 Rxd1 25. Rxd1 Rd8 26. Rxd8+ Qxd8 27. Bf1
Qb6 28. Nd2 Bxe5 29. Nce4 Bg7 30. Nd6 Qd8 31. Nxc8 Qxc8 32. Nf3 Qd7 33. Qb1 Nd4
34. Nxd4 Bxd4 35. Bxd4 Qxd4+ 36. Kg2 Qc3 37. Qd1 Nxb3 38. Qd8+ Kg7 39. Qe7 Nd2
40. Qe2 Qd4 41. Qd1 Qe4+ 42. Kh2 Nf3+ 43. Kg2 Qc2+ 44. Qxc2 Ne1+ 45. Kf2 Nxc2
46. Bd3 Nb4 47. Be2 Kf6 48. Ke3 Ke5 49. Bf1 f5 50. h4 h6 51. Be2 g5 52. hxg5
hxg5 53. Bd1 f4+ 54. gxf4+ gxf4+ 55. Kd2 Kd4 56. Be2 Na2 57. Bh5 Nc3 0-1

[Event "III Memorial Aldo Perini A"]
[Site "Senigallia ITA"]
[Date "2009.08.09"]
[Round "9"]
[White "Burani, Eugenio"]
[Black "Amedeo, Riccardo"]
[Result "0-1"]
[WhiteElo "1993"]
[BlackElo "2000"]
[PlyCount "28"]
[EventDate "2009.08.01"]

1. e4 g6 2. d4 Bg7 3. Nc3 d6 4. Bc4 Nf6 5. Qe2 O-O 6. Bg5 Nc6 7. Nf3 h6 8. Bh4
g5 9. Bg3 g4 10. Nh4 Nxd4 11. Qd2 c5 12. Bf4 b5 13. Bd5 Nxd5 14. Nxd5 e6 0-1

[Event "III Memorial Aldo Perini A"]
[Site "Senigallia ITA"]
[Date "2009.08.09"]
[Round "9"]
[White "Di Trapani, Davide"]
[Black "Proietti, Tosca"]
[Result "1-0"]
[WhiteElo "1883"]
[BlackElo "1829"]
[PlyCount "63"]
[EventDate "2009.08.01"]

1. e4 c5 2. Nf3 Nc6 3. d4 cxd4 4. Nxd4 e5 5. Nb5 a6 6. Nd6+ Bxd6 7. Qxd6 Qf6 8.
Qc7 Nge7 9. Nc3 d5 10. exd5 Nb4 11. Ne4 Qg6 12. Nd6+ Qxd6 13. Qxd6 Nxc2+ 14.
Kd1 Bf5 15. Qxe5 f6 16. Qxf5 Nxf5 17. Kxc2 Rc8+ 18. Kd1 Rc5 19. Bd2 Rxd5 20.
Rc1 Nd6 21. Bc4 Rd4 22. Re1+ Kd7 23. Be6+ Kd8 24. Rc2 Re8 25. Kc1 Re7 26. a3
Rxe6 27. Rxe6 Kd7 28. Re3 Nf5 29. Rec3 Ke6 30. Be3 Rg4 31. g3 Nd6 32. Bf4 1-0

[Event "III Memorial Aldo Perini A"]
[Site "Senigallia ITA"]
[Date "2009.08.09"]
[Round "9"]
[White "Dvirnyy, Danyyil"]
[Black "Xia, Jie"]
[Result "1-0"]
[WhiteElo "2440"]
[BlackElo "2206"]
[PlyCount "83"]
[EventDate "2009.08.01"]

1. c4 Nf6 2. Nf3 g6 3. Nc3 Bg7 4. e4 d6 5. d4 O-O 6. Be2 Bg4 7. Ng1 Bc8 8. Be3
e5 9. Nf3 exd4 10. Nxd4 Re8 11. f3 c6 12. Qd2 d5 13. exd5 cxd5 14. O-O Nc6 15.
c5 Qe7 16. Bf2 a5 17. Rfd1 Be6 18. Ncb5 Nxd4 19. Bxd4 Red8 20. Rac1 Ne8 21. Bf1
Bxd4+ 22. Nxd4 Rdc8 23. Qe3 Ng7 24. a3 a4 25. Rc3 Qf6 26. Bb5 Ra5 27. Qd2 Nf5
28. Rd3 Raa8 29. Nxf5 Qxf5 30. Qb4 d4 31. Rxd4 Bb3 32. Bd7 Qxc5 33. Bxc8 Qxb4
34. axb4 Bxd1 35. Bxb7 Rb8 36. Bc6 Bb3 37. Kf2 Kf8 38. Ke3 Ke7 39. b5 Ke6 40.
Kd3 f5 41. Kc3 Ke5 42. f4+ 1-0

[Event "III Memorial Aldo Perini A"]
[Site "Senigallia ITA"]
[Date "2009.08.09"]
[Round "9"]
[White "Foglia, Maurizio"]
[Black "Balzano, Aldo"]
[Result "1-0"]
[WhiteElo "2140"]
[BlackElo "1853"]
[PlyCount "57"]
[EventDate "2009.08.01"]

1. d4 Nf6 2. Nf3 g6 3. Bf4 Bg7 4. e3 O-O 5. h3 d6 6. Be2 Nbd7 7. c4 b6 8. Nc3
Bb7 9. d5 e5 10. dxe6 fxe6 11. Qc2 Nc5 12. Bg5 Qe8 13. Bxf6 Bxf6 14. h4 e5 15.
Nd5 Bxd5 16. cxd5 e4 17. Nd2 Qf7 18. O-O-O Qg7 19. f4 b5 20. Nb3 Na4 21. Nd4
Bxd4 22. Rxd4 Rxf4 23. Rxa4 bxa4 24. exf4 Rb8 25. Qc3 Qf7 26. g3 Qf5 27. h5 Rc8
28. h6 Qf7 29. Bg4 1-0

[Event "III Memorial Aldo Perini A"]
[Site "Senigallia ITA"]
[Date "2009.08.09"]
[Round "9"]
[White "Fontana, Enrico"]
[Black "Raselli, Claudio"]
[Result "1-0"]
[WhiteElo "2130"]
[BlackElo "1984"]
[PlyCount "49"]
[EventDate "2009.08.01"]

1. d4 e6 2. e4 d5 3. exd5 exd5 4. Bd3 Nf6 5. Ne2 Bg4 6. f3 Bh5 7. Nf4 Bg6 8.
Qe2+ Be7 9. Nxg6 hxg6 10. Nc3 O-O 11. Bg5 Nc6 12. Qf2 Nb4 13. O-O-O Nxd3+ 14.
Rxd3 Ng4 15. fxg4 Bxg5+ 16. Kb1 Qd7 17. h4 Be7 18. Qf3 c6 19. g5 Bb4 20. g4
Bxc3 21. bxc3 Rae8 22. h5 Re4 23. hxg6 Qxg4 24. Qxg4 Rxg4 25. Rdh3 1-0

[Event "III Memorial Aldo Perini A"]
[Site "Senigallia ITA"]
[Date "2009.08.09"]
[Round "9"]
[White "Frontini, Fabio"]
[Black "Scivales, Daniel"]
[Result "0-1"]
[WhiteElo "1943"]
[BlackElo "2037"]
[PlyCount "126"]
[EventDate "2009.08.01"]

1. e4 g6 2. d4 c6 3. Be3 d5 4. e5 h5 5. Qd2 Qb6 6. c3 Nh6 7. Bd3 Bf5 8. Be2 Na6
9. h3 Bxb1 10. Rxb1 Nf5 11. Bd3 e6 12. Bg5 c5 13. Bxf5 gxf5 14. Nf3 cxd4 15.
Nxd4 Nc5 16. O-O Bg7 17. Be3 Ne4 18. Qc2 Qc7 19. Qa4+ Kf8 20. f4 a6 21. Kh2 Kg8
22. Rbc1 b5 23. Qd1 Bf8 24. a3 Be7 25. g3 Kg7 26. Kg2 Rag8 27. Kf3 Kf8 28. Rg1
Bc5 29. Qf1 Bxd4 30. cxd4 Qd8 31. Rc2 Rg6 32. Qc1 Kg7 33. h4 Qg8 34. Rc6 Kh6
35. Bf2 Qa8 36. Rc7 Rhg8 37. Rxf7 Rc8 38. Rc7 Rgg8 39. Re1 Qb8 40. Rc6 Qb7 41.
Rxe6+ Rg6 42. Rxg6+ Kxg6 43. Qd1 Rc4 44. Kg2 Qc8 45. Re2 Kh6 46. Be1 Rc1 47.
Qd3 Qg8 48. Bd2 Rd1 49. Qe3 Qg4 50. Be1 Rc1 51. Qf3 Qg6 52. Bb4 Nxg3 53. Re1
Rc2+ 54. Kh3 Ne4 55. Rxe4 fxe4 56. Qg3 Rxb2 57. Qxg6+ Kxg6 58. e6 Rb3+ 59. Kg2
Kf6 60. e7 Kf7 61. Bd6 Rf3 62. Kh2 e3 63. Kg2 e2 0-1

[Event "III Memorial Aldo Perini A"]
[Site "Senigallia ITA"]
[Date "2009.08.09"]
[Round "9"]
[White "Gromovs, Sergejs"]
[Black "Cirrincione, Giansalvo"]
[Result "1-0"]
[WhiteElo "2339"]
[BlackElo "1975"]
[PlyCount "65"]
[EventDate "2009.08.01"]

1. e4 c5 2. b4 cxb4 3. d4 g6 4. h4 h5 5. Bc4 e6 6. Qf3 Nc6 7. Ne2 Bg7 8. e5 d6
9. Bg5 Qa5 10. O-O dxe5 11. d5 e4 12. Qxe4 f5 13. Qe3 Bxa1 14. dxc6 Qe5 15.
cxb7 Bxb7 16. Qb3 Bc6 17. Nf4 Qb2 18. Qe3 Qe5 19. Qxe5 Bxe5 20. Nxg6 Bg7 21.
Bxe6 Nf6 22. Re1 Kd8 23. Nxh8 Bxh8 24. Bxf5 Kc7 25. Re7+ Kb6 26. Be3+ Ka5 27.
a3 Nd5 28. axb4+ Kxb4 29. Re4+ Ka5 30. Bd2+ Ka6 31. c4 Nc7 32. Re7 Rb8 33. Rxc7
1-0

[Event "III Memorial Aldo Perini A"]
[Site "Senigallia ITA"]
[Date "2009.08.09"]
[Round "9"]
[White "Iacoacci, Giancarlo"]
[Black "Cannada Bartoli, Vincenzo"]
[Result "1/2-1/2"]
[WhiteElo "1770"]
[BlackElo "1981"]
[PlyCount "75"]
[EventDate "2009.08.01"]

1. d4 Nf6 2. Nf3 d5 3. Bf4 Nbd7 4. Ne5 Nxe5 5. Bxe5 Bf5 6. h3 e6 7. e3 Be7 8.
Nd2 O-O 9. Be2 Nd7 10. Bg3 c5 11. O-O Rc8 12. c3 c4 13. Bg4 Bg6 14. Bh5 Bd3 15.
Be2 Bf5 16. Bg4 Nf6 17. Bxf5 exf5 18. Bh4 Ne4 19. Bxe7 Qxe7 20. Nxe4 fxe4 21.
f4 f5 22. Qe2 Rc6 23. Rf2 Qh4 24. Qe1 Rg6 25. Kh1 Rff6 26. Re2 Rg3 27. Qf2 Rfg6
28. Kh2 h5 29. b4 Kf7 30. a4 R6g4 31. Rb1 g6 32. Rf1 Ke6 33. a5 Kd6 34. b5 Ke6
35. Rc2 Kf7 36. Re2 Ke6 37. Rc2 Kf6 38. Re2 1/2-1/2

[Event "III Memorial Aldo Perini A"]
[Site "Senigallia ITA"]
[Date "2009.08.09"]
[Round "9"]
[White "Lavric, Mihail"]
[Black "Marsili, Riccardo"]
[Result "1/2-1/2"]
[WhiteElo "1986"]
[BlackElo "1873"]
[PlyCount "94"]
[EventDate "2009.08.01"]

1. d4 Nf6 2. c4 c5 3. d5 e5 4. Nc3 d6 5. e4 Be7 6. Nf3 Nbd7 7. Bd3 Nf8 8. O-O
Ng6 9. Ne1 O-O 10. f4 exf4 11. Bxf4 Nxf4 12. Rxf4 Nd7 13. Rf1 Ne5 14. Be2 Bg5
15. Nc2 f5 16. b3 Bd7 17. Rb1 Qc8 18. Qe1 f4 19. Qd1 a6 20. Ne1 Rb8 21. a4 Rf7
22. Nf3 Bf6 23. Nxe5 Bxe5 24. Qd3 Qe8 25. Bh5 g6 26. Bf3 b5 27. axb5 axb5 28.
Ne2 Ra8 29. Qd2 Ra3 30. Kh1 Qa8 31. Nc1 bxc4 32. bxc4 Qa4 33. Be2 Bc3 34. Qd1
Qxd1 35. Bxd1 Ba4 36. Bg4 Kg7 37. Ne2 Be5 38. Rb6 Bc2 39. Bf3 Bd3 40. Rc1 Ra4
41. h3 Rxc4 42. Rxc4 Bxc4 43. Nc1 Ra7 44. Kh2 Ra1 45. Nb3 Rb1 46. Rb7+ Kf6 47.
Nxc5 Rxb7 1/2-1/2

[Event "III Memorial Aldo Perini A"]
[Site "Senigallia ITA"]
[Date "2009.08.09"]
[Round "9"]
[White "Lucchi, Lorenzo"]
[Black "Salmoiraghi, Angelo"]
[Result "1/2-1/2"]
[WhiteElo "2040"]
[BlackElo "2151"]
[PlyCount "99"]
[EventDate "2009.08.01"]

1. d4 Nf6 2. c4 e6 3. Nf3 c5 4. e3 b6 5. Bd3 Bb7 6. Nbd2 cxd4 7. exd4 d6 8. O-O
Be7 9. Ng5 Nbd7 10. Nde4 h6 11. Qf3 hxg5 12. Nxf6+ Bxf6 13. Qxb7 Bxd4 14. Bxg5
Qc8 15. Qf3 Bxb2 16. c5 Nxc5 17. Rad1 Nxd3 18. Rxd3 Be5 19. Rc1 Qb8 20. Qc6+
Kf8 21. f4 Bf6 22. Qd7 Qd8 23. Rxd6 Qxd7 24. Rxd7 Bxg5 25. fxg5 g6 26. Rcc7 Rh7
27. h4 a6 28. h5 gxh5 29. g6 Rg7 30. gxf7 Rg6 31. Rc6 Rf6 32. Rxb6 Rxf7 33.
Rdd6 Re7 34. Rxa6 Rxa6 35. Rxa6 Kf7 36. Ra5 Kg6 37. Re5 Kf6 38. Re3 Ra7 39. a3
Ra4 40. Kf2 h4 41. Ke1 Kf5 42. Rf3+ Ke5 43. Kf2 Rc4 44. Re3+ Kd5 45. Re2 e5 46.
Ra2 Ra4 47. Kf3 Kd4 48. Rd2+ Kc5 49. Rd8 Rxa3+ 50. Ke4 1/2-1/2

[Event "III Memorial Aldo Perini A"]
[Site "Senigallia ITA"]
[Date "2009.08.09"]
[Round "9"]
[White "Mandolini, Riccardo"]
[Black "Ferrante, Marco"]
[Result "1/2-1/2"]
[WhiteElo "1977"]
[BlackElo "2128"]
[PlyCount "75"]
[EventDate "2009.08.01"]

1. Nc3 d5 2. e4 e6 3. Nf3 Nf6 4. e5 Nfd7 5. d4 c5 6. Bb5 Nc6 7. O-O f6 8. exf6
Nxf6 9. Ne5 Bd7 10. Bg5 cxd4 11. Bxc6 bxc6 12. Qxd4 Be7 13. Nxd7 Qxd7 14. Rae1
Rb8 15. Qe5 Kf7 16. Bf4 g6 17. h3 Rhd8 18. Re3 Bd6 19. Qg5 Bxf4 20. Qxf4 Qd6
21. Qg5 Kg7 22. Rfe1 Re8 23. b3 h6 24. Qg3 Qxg3 25. Rxg3 e5 26. Rd3 Kf7 27. f3
g5 28. Kf2 h5 29. Rd2 Re7 30. Rde2 Rbe8 31. Na4 Nd7 32. h4 g4 33. Nb2 gxf3 34.
gxf3 Nc5 35. Nd3 Kf6 36. f4 Kf5 37. fxe5 Rxe5 38. Re4 1/2-1/2

[Event "III Memorial Aldo Perini A"]
[Site "Senigallia ITA"]
[Date "2009.08.09"]
[Round "9"]
[White "Mazzariol, Oscar"]
[Black "Rombaldoni, Axel"]
[Result "0-1"]
[WhiteElo "2067"]
[BlackElo "2425"]
[PlyCount "71"]
[EventDate "2009.08.01"]

1. d4 d5 2. c4 e6 3. Nc3 c6 4. e3 Bd6 5. f4 Nf6 6. Nf3 O-O 7. Be2 dxc4 8. Bxc4
c5 9. O-O cxd4 10. Nxd4 a6 11. Nf3 b5 12. Bd3 Bb7 13. Ng5 h6 14. Nge4 Nxe4 15.
Nxe4 Be7 16. Qe2 f5 17. Nf2 Nc6 18. Rd1 Qb6 19. e4 Nd4 20. Qe1 Rad8 21. Be3 Bc5
22. Kh1 Nc2 23. Bxc5 Qxc5 24. Bxc2 Qxc2 25. exf5 exf5 26. Qe6+ Kh7 27. Rxd8
Rxd8 28. Qb6 Qxb2 29. Rf1 Qe2 30. Kg1 Rd7 31. Qc5 Bd5 32. a3 a5 33. Qc3 Bc4 34.
Re1 Qd2 35. Qe5 Rd5 36. Qc7 0-1

[Event "III Memorial Aldo Perini A"]
[Site "Senigallia ITA"]
[Date "2009.08.09"]
[Round "9"]
[White "Neri, Angelo"]
[Black "Padovani, Alessio"]
[Result "1-0"]
[WhiteElo "1972"]
[BlackElo "1991"]
[PlyCount "91"]
[EventDate "2009.08.01"]

1. d4 d5 2. c4 c6 3. cxd5 cxd5 4. Bf4 Bf5 5. Nc3 Nf6 6. e3 a6 7. Qb3 Bc8 8.
Bxb8 Rxb8 9. Bxa6 e6 10. Nf3 Bd6 11. Bb5+ Nd7 12. O-O O-O 13. Rac1 f5 14. Nxd5
Kh8 15. Nf4 Nf6 16. Nxe6 Bxe6 17. Qxe6 Ne4 18. Ne5 Ng5 19. Qc4 Qf6 20. Qe2 Qh6
21. f4 Ne4 22. Nd7 g5 23. Nxb8 Rxb8 24. Bd3 gxf4 25. Bxe4 fxe3 26. g3 fxe4 27.
Rc3 Qg7 28. Qxe3 Re8 29. Rfc1 Qd7 30. Qg5 Bf8 31. Qe3 Bg7 32. Rd1 Qa4 33. Rcc1
Rd8 34. Qxe4 Re8 35. Qg4 Rg8 36. Rc8 Bf8 37. Qf3 Qb4 38. Qf6+ Bg7 39. Rxg8+
Kxg8 40. Qd8+ Kf7 41. Rf1+ Kg6 42. Qe8+ Kg5 43. Qe3+ Kg6 44. Qe4+ Kh6 45. Qe6+
Kg5 46. h4+ 1-0

[Event "III Memorial Aldo Perini A"]
[Site "Senigallia ITA"]
[Date "2009.08.09"]
[Round "9"]
[White "Pasquotto, Mirko"]
[Black "Corti, Corrado"]
[Result "1/2-1/2"]
[WhiteElo "1922"]
[BlackElo "2045"]
[PlyCount "49"]
[EventDate "2009.08.01"]

1. d4 d5 2. c4 c6 3. Nf3 Nf6 4. Nc3 e6 5. e3 Nbd7 6. Bd3 Bd6 7. O-O b6 8. cxd5
cxd5 9. Bd2 Bb7 10. Rc1 O-O 11. Nb5 Be7 12. Ne5 a6 13. Nc7 Ra7 14. Qe2 Ne4 15.
Rfd1 Nxe5 16. dxe5 Nxd2 17. Rxd2 b5 18. a4 bxa4 19. Nxa6 Qb6 20. Nc7 g6 21.
Rdc2 Ra5 22. Nb5 Raa8 23. Rc7 Bd8 24. R7c2 Be7 25. Rc7 1/2-1/2

[Event "III Memorial Aldo Perini A"]
[Site "Senigallia ITA"]
[Date "2009.08.09"]
[Round "9"]
[White "Pelagalli, Marco"]
[Black "Bruno, Fabrizio P."]
[Result "0-1"]
[WhiteElo "1836"]
[BlackElo "1989"]
[PlyCount "32"]
[EventDate "2009.08.01"]

1. e4 d6 2. d4 Nf6 3. Nc3 g6 4. f4 Bg7 5. e5 dxe5 6. fxe5 Nd5 7. Nxd5 Qxd5 8.
c4 Qe4+ 9. Ne2 Bg4 10. Bd2 Nc6 11. Bc3 Rd8 12. Kf2 Nxe5 13. Qa4+ Bd7 14. Qxa7
Nd3+ 15. Kg3 Qe3+ 16. Kh4 Bf6# 0-1

[Event "III Memorial Aldo Perini A"]
[Site "Senigallia ITA"]
[Date "2009.08.09"]
[Round "9"]
[White "Rago, Riccardo"]
[Black "Bortolussi, Andrea"]
[Result "1/2-1/2"]
[WhiteElo "2088"]
[BlackElo "1852"]
[PlyCount "80"]
[EventDate "2009.08.01"]

1. e4 e5 2. Nf3 Nf6 3. Nxe5 d6 4. Nf3 Nxe4 5. d4 d5 6. Bd3 Nc6 7. O-O Bg4 8. c3
Be7 9. Re1 f5 10. Qb3 O-O 11. Nbd2 Nxd2 12. Nxd2 Rb8 13. Qc2 Qd7 14. Nf1 h6 15.
h3 Bh5 16. Ng3 Bg6 17. Bf4 Rf7 18. Re2 Rbf8 19. Rae1 Bh7 20. Bc1 g5 21. Re6 Rf6
22. Rxf6 Rxf6 23. Qe2 Rf7 24. f4 Bg6 25. Nf1 Bf6 26. Qe8+ Qxe8 27. Rxe8+ Kg7
28. Ne3 Re7 29. Rxe7+ Nxe7 30. g3 c6 31. Ng2 Nc8 32. Kf2 Nd6 33. Ne1 Ne4+ 34.
Bxe4 fxe4 35. Nc2 gxf4 36. Bxf4 Bf5 37. g4 Be6 38. Kg3 Kg6 39. h4 Be7 40. Be5
c5 1/2-1/2

[Event "III Memorial Aldo Perini A"]
[Site "Senigallia ITA"]
[Date "2009.08.09"]
[Round "9"]
[White "Rebeggiani, Luca"]
[Black "Giuliani, Sante"]
[Result "1-0"]
[WhiteElo "2019"]
[BlackElo "1987"]
[PlyCount "79"]
[EventDate "2009.08.01"]

1. Nf3 Nf6 2. b3 d5 3. Bb2 Bf5 4. d3 e6 5. Nbd2 Nbd7 6. g3 h6 7. Bg2 Bc5 8. O-O
O-O 9. Kh1 Bh7 10. h3 c6 11. Nh2 Qc7 12. f4 Rfe8 13. e4 dxe4 14. dxe4 Rad8 15.
Qe2 Be7 16. c4 Nc5 17. Rad1 a5 18. g4 Rd3 19. e5 Nfd7 20. Nhf3 Nb8 21. f5 exf5
22. gxf5 Bf8 23. Ne1 Rdd8 24. Rf3 Qd7 25. Qf1 Ne4 26. Nd3 Nxd2 27. Rxd2 Na6 28.
Bc3 Qc7 29. Re2 Nc5 30. Nf2 b5 31. Ng4 b4 32. Ba1 a4 33. Rg3 Kh8 34. Nxh6 gxh6
35. e6+ f6 36. Bxf6+ Bg7 37. Bxg7+ Qxg7 38. Rxg7 Kxg7 39. f6+ Kh8 40. f7 1-0

[Event "III Memorial Aldo Perini A"]
[Site "Senigallia ITA"]
[Date "2009.08.09"]
[Round "9"]
[White "Recchi, Antonio"]
[Black "Patrucco, Carlo"]
[Result "0-1"]
[WhiteElo "1881"]
[BlackElo "1815"]
[PlyCount "72"]
[EventDate "2009.08.01"]

1. e4 c5 2. Nf3 e6 3. d4 cxd4 4. Nxd4 Nc6 5. c4 Nf6 6. Nc3 Bb4 7. f3 Qc7 8.
Ndb5 Qb8 9. a3 Be7 10. g4 a6 11. Nd4 h6 12. Be3 d6 13. f4 Nxd4 14. Bxd4 e5 15.
Be3 Nxg4 16. Qe2 Bh4+ 17. Kd1 exf4 18. Bxf4 Nf2+ 19. Kc2 Nxh1 20. Rd1 Nf2 21.
Bxd6 Bg4 22. Qd2 Bxd1+ 23. Kb1 Qd8 24. c5 Rc8 25. Qd4 Be7 26. Qxg7 Rf8 27. Qd4
Bxd6 28. cxd6 Bb3 29. Qe5+ Be6 30. Nd5 Ng4 31. Qf4 Bxd5 32. exd5 Qf6 33. d7+
Kxd7 34. Qxg4+ Kd6 35. Qb4+ Kc7 36. Bd3 Qd6 0-1

[Event "III Memorial Aldo Perini A"]
[Site "Senigallia ITA"]
[Date "2009.08.09"]
[Round "9"]
[White "Rovedi, Mauro"]
[Black "Rotoni, Matteo"]
[Result "1-0"]
[WhiteElo "2033"]
[BlackElo "2189"]
[PlyCount "77"]
[EventDate "2009.08.01"]

1. Nf3 d5 2. g3 Nc6 3. Bg2 e5 4. d3 Bg4 5. O-O Qd7 6. c4 d4 7. a3 f6 8. b4 h5
9. b5 Nd8 10. Nh4 Ne7 11. Nd2 Bh3 12. Ne4 Bxg2 13. Nxg2 Ne6 14. Bd2 Ng6 15. h4
Be7 16. Bb4 f5 17. Nd2 Bc5 18. Bxc5 Nxc5 19. f4 e4 20. Nb3 Nxb3 21. Qxb3 Nf8
22. dxe4 fxe4 23. f5 O-O-O 24. c5 Qd5 25. Qb4 c6 26. bxc6 Qxc6 27. Rad1 d3 28.
exd3 exd3 29. Nf4 Nd7 30. Ne6 Ne5 31. Nxd8 Rxd8 32. Qf4 Qxc5+ 33. Qf2 b6 34.
Rc1 Nc4 35. Qxc5+ bxc5 36. Rxc4 Rd5 37. Rfc1 Kb7 38. Rxc5 d2 39. Rb1+ 1-0

[Event "III Memorial Aldo Perini A"]
[Site "Senigallia ITA"]
[Date "2009.08.09"]
[Round "9"]
[White "Stromboli, Carlo"]
[Black "Stromboli, Ettore"]
[Result "1/2-1/2"]
[WhiteElo "2289"]
[BlackElo "2272"]
[PlyCount "36"]
[EventDate "2009.08.01"]

1. c4 e5 2. Nc3 Nf6 3. g3 g6 4. Bg2 Bg7 5. d3 O-O 6. Nf3 d6 7. O-O Nc6 8. Rb1
a5 9. a3 Re8 10. Nd2 Nd4 11. b4 axb4 12. axb4 h5 13. b5 h4 14. e3 Bg4 15. f3
Bf5 16. Nde4 Bxe4 17. exd4 Bf5 18. d5 hxg3 1/2-1/2

[Event "C.to Unione Europea U10"]
[Site "Mureck AUT"]
[Date "2009.08.05"]
[Round "1"]
[White "Peczely, Sebastian Zsombor"]
[Black "Fox, Jonas"]
[Result "1/2-1/2"]
[WhiteElo "1542"]
[BlackElo "2031"]
[PlyCount "51"]
[EventDate "2009.08.05"]

1. e4 d5 2. exd5 Nf6 3. Nc3 Nxd5 4. Nxd5 Qxd5 5. Qf3 Qxf3 6. Nxf3 g6 7. d4 Bf5
8. c3 Bg7 9. Bf4 c6 10. Bc4 O-O 11. O-O Nd7 12. Rfe1 Nb6 13. Bb3 e6 14. Be5
Rac8 15. h3 Bd3 16. Bxg7 Kxg7 17. Re3 Bc4 18. Bc2 Bd5 19. Ne5 Nc4 20. Nxc4 Bxc4
21. b3 Ba6 22. Bd3 Bxd3 23. Rxd3 Rcd8 24. Rad1 Rd7 25. c4 Rfd8 26. b4 1/2-1/2

[Event "C.to Unione Europea U10"]
[Site "Mureck AUT"]
[Date "2009.08.06"]
[Round "2"]
[White "Fox, Jonas"]
[Black "Szilassi, Abel"]
[Result "1/2-1/2"]
[WhiteElo "2031"]
[BlackElo "1629"]
[PlyCount "25"]
[EventDate "2009.08.05"]

1. e4 e6 2. d4 d5 3. e5 c5 4. c3 Nc6 5. Nf3 Qb6 6. Be2 Nge7 7. Bd3 Bd7 8. Bc2
Ng6 9. O-O Be7 10. Re1 O-O-O 11. Re2 Kb8 12. h3 Ka8 13. Kh1 1/2-1/2

[Event "C.to Unione Europea U10"]
[Site "Mureck AUT"]
[Date "2009.08.10"]
[Round "6"]
[White "Fox, Jonas"]
[Black "Dwilewicz, Katarzyna"]
[Result "0-1"]
[WhiteElo "2031"]
[BlackElo "1465"]
[PlyCount "134"]
[EventDate "2009.08.05"]

1. e4 c5 2. Nf3 a6 3. Nc3 Nc6 4. Be2 e6 5. d3 Qc7 6. O-O Nf6 7. Bg5 Be7 8. Qd2
O-O 9. a3 b5 10. Rfe1 d6 11. Rad1 Bb7 12. h3 h6 13. Bh4 Rac8 14. Rc1 Rfe8 15.
Qe3 Qd8 16. Bg3 Nd7 17. Rf1 Na5 18. Qd2 Nc6 19. Qe3 Qc7 20. Kh1 Bf6 21. Qd2
Nde5 22. Nxe5 Nxe5 23. f4 Nc6 24. Rb1 Nd4 25. Bg4 b4 26. Ne2 Nxe2 27. Bxe2 a5
28. Bf2 Ba6 29. Rfc1 Rcd8 30. Kg1 Bd4 31. c3 Bxf2+ 32. Kxf2 b3 33. c4 a4 34.
Re1 Bb7 35. Bf3 Bc6 36. Kg1 Rd7 37. Re2 Red8 38. Re3 d5 39. cxd5 exd5 40. exd5
Bxd5 41. Bxd5 Rxd5 42. Rf3 c4 43. Rc1 Qc5+ 44. Kh2 Qc8 45. Qc3 Qc7 46. dxc4 Rd3
47. Rxd3 Rxd3 48. Qe5 Qxe5 49. fxe5 Rd2 50. c5 Rxb2 51. c6 Rc2 52. Rb1 Rxc6 53.
Kg3 Kf8 54. Kf3 Ke7 55. g4 Rc2 56. Ke3 Ra2 57. Kd3 Rxa3 58. Kc3 Ra2 59. Kb4 Ke6
60. Re1 Kd5 61. Rd1+ Kxe5 62. Re1+ Kf6 63. Rf1+ Ke7 64. Re1+ Kf8 65. Rc1 g6 66.
Rc8+ Kg7 67. h4 b2 0-1

[Event "XVII Open Nicolo' La Rosa"]
[Site "Mazara del Vallo ITA"]
[Date "2009.08.07"]
[Round "1"]
[White "Asaro, Valeria"]
[Black "Piazza, Francesco"]
[Result "1-0"]
[WhiteElo "1687"]
[BlackElo "1374"]
[PlyCount "39"]
[EventDate "2009.08.07"]

1. e4 e5 2. Nf3 Nc6 3. Bc4 Bc5 4. Nc3 Nf6 5. d3 O-O 6. Bg5 Re8 7. Qd2 Be7 8.
O-O-O Nd4 9. Nxe5 d5 10. exd5 Bb4 11. Rde1 b5 12. Bb3 Nxb3+ 13. cxb3 Qxd5 14.
Bxf6 gxf6 15. Nxd5 Bxd2+ 16. Kxd2 fxe5 17. Nf6+ Kf8 18. Nxe8 Kxe8 19. Rxe5+ Kf8
20. Rxb5 1-0

[Event "XVII Open Nicolo' La Rosa"]
[Site "Mazara del Vallo ITA"]
[Date "2009.08.07"]
[Round "1"]
[White "Bertino, Giacomo"]
[Black "Fiorella, Loreto"]
[Result "1-0"]
[WhiteElo "2017"]
[BlackElo "1583"]
[PlyCount "87"]
[EventDate "2009.08.07"]

1. d4 Nf6 2. Nf3 e6 3. e3 c5 4. Bd3 cxd4 5. exd4 Nc6 6. c3 b6 7. O-O Bb7 8.
Nbd2 Ne7 9. Nc4 Ned5 10. Bg5 Be7 11. Re1 O-O 12. Bc2 h6 13. Bh4 Qc7 14. Nce5 d6
15. Nd3 Rac8 16. Bb3 Nh5 17. c4 Ndf4 18. Bxe7 Qxe7 19. d5 Qf6 20. Nxf4 Nxf4 21.
g3 Qg6 22. Qd2 e5 23. Kh1 Nh3 24. Nh4 Qf6 25. Rf1 Rce8 26. Ng2 Bc8 27. f4 e4
28. Ne3 Qg6 29. Qe2 h5 30. Bd1 Qf6 31. Rb1 g6 32. Bc2 Kg7 33. Qg2 Qd4 34. f5
Qxe3 35. Qxh3 Bxf5 36. Rxf5 gxf5 37. Rf1 Re5 38. Bd1 Rh8 39. Qg2 Kf6 40. h4 Rg8
41. Kh2 Qd3 42. b3 Rxg3 43. Qxg3 Qxf1 44. Qg5# 1-0

[Event "XVII Open Nicolo' La Rosa"]
[Site "Mazara del Vallo ITA"]
[Date "2009.08.07"]
[Round "1"]
[White "Cassia, Giuseppe"]
[Black "Cleal, John"]
[Result "0-1"]
[WhiteElo "1532"]
[BlackElo "1958"]
[PlyCount "58"]
[EventDate "2009.08.07"]

1. c4 e5 2. Nc3 Nc6 3. g3 f5 4. e4 fxe4 5. Nxe4 Nf6 6. Bg2 Be7 7. Ne2 O-O 8.
O-O d6 9. d4 Bg4 10. dxe5 Nxe5 11. Nxf6+ Bxf6 12. Qd5+ Kh8 13. Nf4 c6 14. Qe4
Qd7 15. h3 Bf5 16. Qe2 Rae8 17. Be3 g5 18. Nh5 Bd8 19. f4 Bd3 20. Qd2 Bxf1 21.
Rxf1 Nxc4 22. Qd4+ Kg8 23. Qxc4+ d5 24. Qb3 Rxe3 25. Qd1 gxf4 26. Qd2 Qf7 27.
Rxf4 Qxh5 28. Rg4+ Kh8 29. Qd4+ Qe5 0-1